Statistics for Literary Groups of Things

Click here to take the quiz!

General Stats

  • This quiz has been taken 16,147 times
  • The average score is 20 of 44

Answer Stats

Group Answer % Correct
Epics attributed to HomerThe Iliad
89%
Epics attributed to HomerThe Odyssey
85%
Dueling clans from
"Romeo & Juliet"
Capulet
83%
Brontë sistersEmily
82%
Brontë sistersCharlotte
77%
Famous writers
surnamed Shelley
Mary
76%
Most famous novels of Leo TolstoyWar and Peace
75%
Jane Austen novelsPride and Prejudice
75%
Dueling clans from
"Romeo & Juliet"
Montague
75%
"Lord of the Rings" booksThe Two Towers
73%
Cities from
"A Tale of Two Cities"
London
71%
"Lord of the Rings" booksThe Fellowship of
the Ring
67%
Cities from "A Tale of Two Cities"Paris
67%
"Lord of the Rings" booksThe Return of the King
66%
James Joyce novelsUlysses
52%
Jane Austen novelsEmma
51%
Jane Austen novelsSense and Sensibility
51%
Most famous English-language dictionary creatorsNoah Webster
51%
Most famous novels of
Leo Tolstoy
Anna Karenina
50%
The Three MusketeersPorthos
49%
Brontë sistersAnne
48%
The Three MusketeersAramis
46%
Parts of Dante's "Divine Comedy"Inferno
45%
Finch children in
"To Kill a Mockingbird"
Scout
45%
The Three MusketeersAthos
44%
Famous writers surnamed ShelleyPercy
42%
Most well-known "Beat Generation" writersJack Kerouac
38%
Female authors first name GeorgeGeorge Eliot
36%
Monsters defeated by
Beowulf
Grendel
34%
Parts of Dante's "Divine Comedy"Purgatorio
30%
Parts of Dante's "Divine Comedy"Paradiso
27%
Finch children in "To Kill a Mockingbird"Jem
27%
Female authors first name GeorgeGeorge Sand
24%
Nations from "Nineteen Eighty-Four"Oceania
21%
Nations from "Nineteen Eighty-Four"Eurasia
21%
Jane Austen novelsMansfield Park
20%
Most well-known
"Beat Generation" writers
Allen Ginsberg
20%
James Joyce novelsA Portrait of the Artist
as a Young Man
18%
James Joyce novelsFinnegans Wake
17%
Monsters defeated by BeowulfGrendel's Mother
17%
Most famous English-language
dictionary creators
Samuel Johnson
17%
Monsters defeated by BeowulfDragon
14%
Nations from
"Nineteen Eighty-Four"
Eastasia
13%
Most well-known "Beat Generation" writersWilliam S. Burroughs
8%

Score Distribution

Percentile by Number Answered

Percent of People with Each Score

Your Score History

You have not taken this quiz